01243nam a2200217 i 450000100060000000300090000600500170001500700030003200800410003510000280007624502080010425000120031226000370032430000200036150504710038165000280085270000330088070000350091370000420094885200350099051669ES-MaACL20230906162415.0t|030814s1982 sp ||||1| spa d0 aChâtelet, François.10aHistoria de la filosofía b: ideas, doctrinas / cpor François Chatelet ; traducción del francés por Victorio Peral Domínguez, María Luisa Pérez Torres, Francisco Javier Aguirre González. a2ª ed. aMadrid : bEspasa-Calpe, c1982. a4 v. ; c23 cm.8 aContiene: La filosofía pagana : (del siglo VI a.c. al siglo III d.c.). La filosofía medieval : (del siglo I al siglo XV). -- T. II: La filosofía del mundo moderno : (siglos XVI y XVIII). Los ilustrados (el siglo XVIII). -- T. III: La filosofía y la historia : (1780-1880). La filosofía del mundo científico e industrial : (1860-1940). -- T. IV: La filosofía de las ciencias sociales (de 1860 a nuestros días). Historia de la filosofía (el siglo XX) 4aFilosofía-vHistoria.1 aPeral Domínguez, Victorio.1 aPérez Torres, María Luisa.1 aAguirre González, Francisco Javier. aES-MaACLjL-2767-70 bR.103625